000 00904nam a2200241 a 4500
001 BRCA_6443
005 20190321142930.0
008 230911s1946----gw-#######---#000-0#ger-#
041 _ager
044 _agw
050 4 _b.M45 1946
245 1 0 _aMeisterwerke aus Kölner Museen.
260 _aColonia, Alemania
_bJ. P. Bachem
_c1946
300 _a18 p.
_bil., 14 láminas
_c21 cm.
500 _aCatálogo de la exposición realizada en Eigelstein Torburg, 21 marzo - 15 mayo, 1946
500 _aLas obras expuestas son de los siguientes museos: Wallraf - Richartz - Museum (WRM) ; Schnütgen - Museum (SchnM) ; Erzbischöfliches Diözesanmuseum.
500 _aLáminas numeradas con letra de Franz Mayer
500 _aCDE67
650 1 4 _aObras maestras
_yÉpoca medieval
_zColonia, Alemania
_916092
650 1 4 _aMuseos
_vExposiciones
_zColonia, Alemania
_916093
902 _aGFM
942 _2lcc
_cB
999 _c6127
_d6127